000 00641nam a2200241Ia 4500
003 OSt
005 20220918212154.0
006 a|||||r|||| 00| 0
007 ta
008 220917b |||||||| |||| 00| 0 eng d
024 _a127,603
037 _cTextual
040 _aARTS
_cARTS
_beng
041 _2eng
_aeng
082 _aX.44Q7.N5, J8
100 _aAndurs J Russell
_9122797
245 0 _aEconomy of Pakistan
260 _aNA
_bNA
_c1958
650 _aECONOMICS
700 _a Mchammed Aziali F
_9122798
942 _hX.44Q7.N5, J8
_cTEXL
_2CC
999 _c250745
_d250745